000 00816nam a2200217Ia 4500
001 15698
003 GE_BSU
008 181216s||||||||xx |||||||||||||| ||und||
040 _cGE_BSU
080 _a82-93
245 _aწელიწადის ოთხი დრო
245 _bლექსები და მოთხრობები უმცრ. და საშ. სკოლის ასაკის ბავშვთათვის
245 _cრედ.ი.გრიშაშვილი.
260 _aთბილისი
260 _bსაბლიტგამი
260 _c1954
300 _a254გვ. : ილ. ; 27სმ.
653 _aლექსები და მოთხრობები
653 _aწელიწადის ოთხი დრო
942 _cBK
999 _c48796
_d48796